How to witness successfully: (Record no. 13218)

000 -LEADER
fixed length control field 00654nam a2200193 a 4500
001 - CONTROL NUMBER
control field :::00011036$&:&@@
003 - CONTROL NUMBER IDENTIFIER
control field OkBaRHE
005 - DATE AND TIME OF LATEST TRANSACTION
control field 20000607103405.0
008 - FIXED-LENGTH DATA ELEMENTS--GENERAL INFORMATION
fixed length control field s1978 j 000 0 eng u
020 ## - INTERNATIONAL STANDARD BOOK NUMBER
International Standard Book Number 0802437974
040 ## - CATALOGING SOURCE
Transcribing agency
100 1# - MAIN ENTRY--PERSONAL NAME
Personal name Sweeting, George, 1924-
245 10 - TITLE STATEMENT
Title How to witness successfully:
Remainder of title a guide for Christians to share the good news.
Statement of responsibility, etc George Sweeting.
260 ## - PUBLICATION, DISTRIBUTION, ETC. (IMPRINT)
Place of publication, distribution, etc Chicago, IL., :
Name of publisher, distributor, etc Moody Press
Date of publication, distribution, etc c1978
300 ## - PHYSICAL DESCRIPTION
Extent 127 p. : illus. ;
Dimensions 22 cm.
650 ## - SUBJECT ADDED ENTRY--TOPICAL TERM
Topical term or geographic name as entry element Witness Bearing (Christianity)
942 ## - ADDED ENTRY ELEMENTS (KOHA)
Source of classification or shelving scheme
Koha item type Books
Copies
Full call number Copy number Not for loan Date acquired Price effective from Source of classification or shelving scheme Withdrawn status Damaged status Date last seen Permanent Location Lost status Koha item type Barcode Shelving location
BV 4520 .S931 2010-04-142010-04-14   2010-04-14RHEMA Bible Training College Books11036General Stacks